000 00447nam a2200157 i 4500
001 115706
003 ES-MaACL
005 20230906190535.0
007 t|
008 070503s1910 sp ||||1| spa d
100 1 _aTorre, Lucas de.
_9110748
245 1 3 _aEl origen de los tercios /
_cLucas de Torre.
260 _aMadrid :
_b[s.n.],
_c1910 (
_fEduardo Arias)
500 _aPublicaciones de "Estudios Militares"
852 _aES-MaACL
_jT-1338-F-1
999 _c115706
_d115706